Urban renaissance Belfast's lessons for policy and partnership

Na minha lista:
Detalhes bibliográficos
Formato: Livro
Idioma:inglês
Publicado em: Paris OECD 2000
Assuntos:
Tags: Adicionar Tag
Sem tags, seja o primeiro a adicionar uma tag!

MARC

LEADER 00000nam a2200000 4500
001 c122189
005 20221221084858.4
020 |a 92-64-17165-7 
041 0 |a eng 
044 |a FR 
245 1 0 |a Urban renaissance  |b Belfast's lessons for policy and partnership 
264 1 |a Paris  |b OECD  |c 2000 
300 |a 219 s. 
610 2 0 |a mestá 
610 2 0 |a urbanizmus 
610 2 0 |a správa miestna 
610 2 0 |a infraštruktúra 
610 2 0 |a rozvoj regionálny 
610 2 0 |a spolupráca medzinárodná 
610 2 0 |a programy rozvojové 
610 2 0 |a Írsko 
610 2 0 |a OECD